Soils in construction (Record no. 36309)

MARC details
000 -LEADER
fixed length control field 00295nam a2200121Ia 4500
082 ## - DEWEY DECIMAL CLASSIFICATION NUMBER
Classification number 631.4:624.131
Item number SCH
100 ## - MAIN ENTRY--AUTHOR NAME
Personal name Schrodder, W L
245 #0 - TITLE STATEMENT
Title Soils in construction
250 ## - EDITION STATEMENT
Edition statement Ed.2
260 ## - PUBLICATION, DISTRIBUTION, ETC. (IMPRINT)
Place of publication New York
Name of publisher John Wiley
Year of publication 1975
942 ## - ADDED ENTRY ELEMENTS (KOHA)
Koha item type Books
Holdings
Withdrawn status Lost status Damaged status Not for loan Home library Current library Date acquired Cost, normal purchase price Full call number Accession Number Koha item type
        RRII Library RRII Library 16/12/2021 17.95 631.4:624.131 SCH 16718 Books